000 01516cam a2200229 4500
001 L135981
008 061221n2006 000 0 eng u
020 _a8790907558
035 _a(Sirsi) u135981
041 0 _aeng
050 0 4 _a333.9164 $2 18
110 2 _aFederation International Des Geometres
245 0 0 _aAdministering marine spaces
_binternational issues
260 _aCopenhagen
_bFIG
_c2006
300 _a176p.
_c25cm.
505 0 _aIssues in the governance of marine spaces -- Marine administration research activities within Asia and the Pacific region - towards a seamless land-sea interface -- A national geocentric datum and the administration of marine spaces in Malaysia -- Governing the North Sea in the Netherlands -- Using Canadian MPAs to highlight the need for improved tenure information management -- Institutional frameworks in the administration of coastal and marine space in Africa -- Impact and management of oil spill polution among the Nigerian coastal areas -- The Douala coastal lagoon complex, Cameroon: environmental issues -- The protection, management and development of the marine and coastal environment of Ghana -- A note on marine administration in small island developing states
520 _aDiscusses the experiences of the FIG in the areas of coastal zone management, marine cadastre and marine governance.
590 _aKA
651 4 _aInternational
690 _aPROPERTY-RURAL AND NATURAL ASSETS-MARINE RESOURCES-MARINE RESOURCE MANAGEMENT
942 _n0
999 _c106266
_d106266